Enciclopedia temática del Perú : (Registro nro. 205)

Detalles MARC
000 -Cabecera
Campo de control interno 01633nam a2200241Ia 4500
005 - Fecha y hora del registro
control field 20251210100336.0
008 - Elementos de Longitud Fija
fixed length control field 251203t2004||||xx |||||||||||||| ||spa||
020 ## - ISBN
ISBN 9972752003
041 ## - Idioma
Codigo Idioma ESP
082 ## - DEWEY y NOTACIÓN INTERNA
Dewey RE 985
Notación Interna E56
110 ## - AUTOR INSTTITUCIONAL
Autor Institucional Empresa Editora El Comercio
245 #0 - TÍTULO DE MATERIAL BIBLIOGRÁFICO
Título Enciclopedia temática del Perú :
Título paralelo Tomos 1-16
250 ## - EDICIÓN
Edición Primera edición
260 ## - CIUDAD, EDITORIAL, AÑO
Ciudad Lima :
Nombre de la Editorial El Comercio,
Año 2004
300 ## - DESCRIPCIÓN
N° Páginas Varias paginaciones :
Otros detalles ilustraciones ;
Dimensiones 28 cm.
505 ## - TABLA DE CONTENIDO
Tabla de Contenido Contiene: Tomo 1: Incas, - Tomo 2: Conquista y virreinato; Busto Duthurburu, José Antonio del. - Tomo 3: República; Cayo Córdova, Percy. - Tomo 4: Organización del Estado; Rubio Correa, Marcial Antonio. - Tomo 5: Geografía; Peña Herrera, Carlos. - Tomo 6: Ecología; Brack Egg, Antonio. - Tomo 7: Sociedad; Manrique, Nelson. - Tomo 8: Diversidad cultural; Degregori, Carlos Iván. - Tomo 9: Primeras civilizaciones; Makowski, Krzysztof. - Tomo 10: Economía; Álvarez Rodrich, Augusto. - Tomo 11: CIencia y tecnología; López Soria, José Ignacio [y otros catorce]. - Tomo 12: Salud; García Cáceres, Uriel. - Tomo 13: Opinión pública; Mendoza Michilot, María [y otros cuatro]. - Tomo 14: Literatura; González Vigil, Ricardo. - Tomo 15: Arte y arquitectura; Wuffarden, Luis Eduardo [y otros cuatro]. - Tomo 16: Música, danza y tradiciones; Meza, Luis Antonio [y otros cuatro]
650 ## - TEMAS
Temas Historia
653 ## - DESCRIPTORES
Lenguajes no controlado Historia - Perú; Enciclopedia
654 ## - PROGRAMAS
Programa Todos los programas
700 ## - OTROS AUTORES
Otros autores Rostworowski de Diez Canseco, María; Busto Duthurburu, José Antonio del; Cayo Córdova, Percy [y otros trece]
Títulos y otras palabras asociadas con el nombre autores
942 ## - ELEMENTOS DE KOHA
Tipo de documento Enciclopedia
Nombre del creador Justo Noguera
Código de catalogador Tania Ramirez
Esquema de clasificación Dewey Decimal Classification
Existencias
Codigo completo Registro Colección Copia número Disponibilidad Tipo de préstamo Biblioteca Actual Procedencia (Biblioteca) Ubicacón Fecha Ingreso Tipo de Adquisición Date last seen Total checkouts Price effective from Tipo de Item Estado del Material Fuente de Clasificación Damaged status Withdrawn status
RE 985 E56 1085074 Colección Vera Bejar 1   Restringido Víctor Andrés Belaunde Víctor Andrés Belaunde Planta baja cerrada 03/10/2025 Donación 03/12/2025   03/12/2025 Enciclopedia Bueno Dewey Decimal Classification   Withdrawn